LEADER 01138nam2-2200373li-450 001 990000129340203316 005 20180312154811.0 010 $a0-444-88345-2 035 $a0012934 035 $aUSA010012934 035 $a(ALEPH)000012934USA01 035 $a0012934 100 $a20001109d1990----km-y0itay0103----ba 101 0 $aeng 102 $aNE 200 1 $aOrganic chemistry in action$ethe design of organic synthesis$fFelix Serratosa 210 $aAmsterdam [etc.]$cElsevier$d1990 215 $aXXI, 395 p.$cill.$d25 cm 225 2 $aStudies in organic chemistry$v41 410 0$10010012933$12001$aStudies in organic chemistry 610 1 $asintesi organica 676 $a5472$9. 700 1$aSerratosa,$bFelix$0742713 801 $aSistema bibliotecario di Ateneo dell' Università di Salerno$gRICA 912 $a990000129340203316 951 $a547 SOC (41)$b0012818 959 $aBK 969 $aSCI 979 $c19910326 979 $c20001110$lUSA01$h1711 979 $c20020403$lUSA01$h1620 979 $aPATRY$b90$c20040406$lUSA01$h1610 996 $aOrganic chemistry in action$91476138 997 $aUNISA